A tehetséges és kreatív középiskolások „első lépései” az SZTE-ÁJTK-n
Elmentve itt :
| Szerző: | |
|---|---|
| Dokumentumtípus: | Cikk |
| Megjelent: |
2024-01-23
|
| Sorozat: | SZTE Info
|
| Kulcsszavak: | Állam- és Jogtudományi Kar - ÁJTK, Tanulmányi verseny - Both Ödön Közjogtörténeti Emlékverseny, Both Ödön - tanszékvezető egyetemi docens, Jubileum - születésének 100., Középiskolai diákok, Együttműködés - középiskolák, Pályaválasztás, Tehetséggondozás, Zsűrielnök - Görög Márta - dékán, Zsűritag - Homoki-Nagy Mária - tanszékvezető egyetemi tanár, Magyar Jogtörténeti Tanszék, Zsűritag - Balogh Elemér - tanszékvezető egyetemi tanár, Európai Jogtörténeti Tanszék |
| Online Access: | http://univ.bibl.u-szeged.hu/68922 |
| LEADER | 01283nab a2200169 i 4500 | ||
|---|---|---|---|
| 001 | univ68922 | ||
| 005 | 20240124113213.0 | ||
| 008 | 240124s2024 hu o 000 hun d | ||
| 040 | |a SZTE UnivHistória Repozitórium |b hun | ||
| 041 | |a hun | ||
| 100 | 1 | |a Pétervári Máté | |
| 245 | 1 | 2 | |a A tehetséges és kreatív középiskolások „első lépései” az SZTE-ÁJTK-n |h [elektronikus dokumentum] / |c Pétervári Máté |
| 260 | |c 2024-01-23 | ||
| 490 | 0 | |a SZTE Info | |
| 561 | |a Egyetemi hirarchívum | ||
| 695 | |a Állam- és Jogtudományi Kar - ÁJTK, Tanulmányi verseny - Both Ödön Közjogtörténeti Emlékverseny, Both Ödön - tanszékvezető egyetemi docens, Jubileum - születésének 100., Középiskolai diákok, Együttműködés - középiskolák, Pályaválasztás, Tehetséggondozás, Zsűrielnök - Görög Márta - dékán, Zsűritag - Homoki-Nagy Mária - tanszékvezető egyetemi tanár, Magyar Jogtörténeti Tanszék, Zsűritag - Balogh Elemér - tanszékvezető egyetemi tanár, Európai Jogtörténeti Tanszék | ||
| 856 | 4 | 0 | |u http://univ.bibl.u-szeged.hu/68922/1/Szegedi%20Tudom%C3%A1nyegyetem%20_%20A%20tehets%C3%A9ges%20%C3%A9s%20kreat%C3%ADv%20k%C3%B6z%C3%A9piskol%C3%A1sok%20%E2%80%9Eels%C5%91%20l%C3%A9p%C3%A9sei%E2%80%9D%20az%20SZTE-%C3%81JTK-n.pdf |z Dokumentum-elérés |